Đường bay chim đại bàng

Na minha lista:
Detalhes bibliográficos
Autor principal: Krishnamurti, J.
Formato: Livro
Idioma:Undetermined
Publicado em: Thành phố Hồ Chí Minh Phương Đông 2007
Assuntos:
Tags: Adicionar Tag
Sem tags, seja o primeiro a adicionar uma tag!
Thư viện lưu trữ: Trung tâm Học liệu Trường Đại học Cần Thơ
LEADER 00580nam a2200193Ia 4500
001 CTU_128394
008 210402s9999 xx 000 0 und d
020 |c 32000 
082 |a 294.3927 
082 |b K89 
100 |a Krishnamurti, J. 
245 0 |a Đường bay chim đại bàng 
245 0 |c J. Krishnamurti ; Thanh Lương, Thích Thiện Sáng (dịch) 
260 |a Thành phố Hồ Chí Minh 
260 |b Phương Đông 
260 |c 2007 
650 |a Zen buddhism 
904 |i M.Loan 
980 |a Trung tâm Học liệu Trường Đại học Cần Thơ